| 000 | 00997cam a2200277 a 4500 | ||
|---|---|---|---|
| 999 |
_c422 _d422 |
||
| 001 | .b23105902 | ||
| 003 | OSt | ||
| 005 | 20190814112627.0 | ||
| 008 | 070103r20062005nyuab b 001 0 eng d | ||
| 020 | _a0060572000 (pbk.) | ||
| 020 | _a9780060572006 (pbk.) | ||
| 040 |
_aNTU _cNTU |
||
| 043 | _an-us-ca | ||
| 082 | _a979.4 WIN | ||
| 100 | 1 |
_aWinchester, Simon. _eauthor |
|
| 245 | 1 | 2 |
_aA crack in the edge of the world : _bAmerica and the great California earthquake of 1906 / _cSimon Winchester. |
| 250 | _a1st Harper Perennial ed. | ||
| 260 |
_aNew York : _bHarper Perennial, _c2006. |
||
| 300 |
_axvi, 462, 18 p. : _bill., maps ; _c21 cm. |
||
| 500 | _aOriginally published in hardcover by HarperCollins, 2005. | ||
| 504 | _aIncludes bibliographical references and index. | ||
| 650 | 0 |
_aEarthquakes _zCalifornia _zSan Francisco _xHistory _y20th century. |
|
| 650 | 0 | _aSan Francisco Earthquake, Calif., 1906. | |
| 651 | 0 |
_aSan Francisco (Calif.) _xHistory _y20th century. |
|
| 942 |
_2ddc _cNFIC |
||